000
00290nam a22001217a 4500
008
180124b xxu||||| |||| 00| 0 eng d
041
_a
eng
080
_a
616.073
100
_a
6
101
_a
rad
245
_a
radiographic positions radiologic procedures
_c
philip.w.b
942
_2
udc
_c
BK
999
_c
40849
_d
40849